Statistiques concernant 50 Frères et Sœurs dans les Mangas / Anime

Cliquez ici pour prendre le quiz!

Statistiques générales

  • Ce quiz a été pris 84 fois
  • Le résultat moyen est 24 sur 50

Statistiques - réponses

Réponse% Correct
Sasuke / Itachi
99%
Aruka / Kirua
92%
Eren / Sieg
92%
Boruto / Himawari
91%
Raditz / Goku
91%
Zeleph / Natsu
91%
Sanji / Reiju
90%
Corazon / Doflamingo
87%
Gohan / Goten
87%
Nezuko / Tanjiro
86%
Gaara / Temari
83%
Edward / Alphonse
82%
Dabi / Shoto
81%
Hinata / Hanabi
78%
Shinra / Sho
78%
Ichigo / Karin
77%
Bra / Trunks
73%
Izuna / Madara
69%
Hashirama / Tobirama
65%
Emma / Mikey
61%
Brulee / Katakuri
58%
Momonosuke / Hiyori
55%
Mai / Maki
53%
Nunnally / Lelouch
51%
Yuri / Yor
51%
Thorfinn / Ylva
44%
Rin / Sae
40%
Rin / Yukio
39%
Elfman / Mirajane
34%
Smiley / Angry
32%
Sanemi / Genya
31%
Akame / Kurome
27%
Kinkaku / Ginkaku
23%
Osamu / Atsumu
23%
Sora / Shito
23%
Fuegoleon / Mereoleona
22%
Hakkai / Yuzuha
21%
Nina / Johan
21%
Inuyasha / Sesshomaru
18%
Rayne / Finn
18%
Shun / Ikki
16%
Vulcan / Lisa
13%
Alex / Olivia
12%
Hiei / Yukina
9%
Aiolia / Aiolos
8%
Chobei / Toma
6%
Shizuru / Kuwabara
6%
Hyakkimaru / Tahomaru
5%
Satsuki / Ryuko
5%
Toguro / Elder
4%

Distribution des résultats

Percentile par nombre de réponses

% des personnes avec chaque résultat

Votre développement - résultats

Vous n’avez pas pris ce quiz